000 00770nam a2200229Ia 4500
001 16018
003 GE_BSU
008 181216s||||||||xx |||||||||||||| ||und||
040 _cGE_BSU
080 _a821.353.1-1
100 _aჯანგულაშვილი, თეიმურაზ
245 _aზღვისა და მიწის ლეგენდა
245 _bლექსები
245 _cრედ.მ.ქოიავა.მხ. ბელა ბერძენიშვილი
260 _aთბილისი
260 _bმერანი
260 _c1971
300 _a134გვ. ; 16სმ.
653 _aზღვისა და მიწის ლეგენდა
653 _aლექსები
942 _cBK
999 _c49109
_d49109